000 00460pab a2200169 454500
008 180718b1984 xxu||||| |||| 00| 0 eng d
100 _aChapman, C.B.
245 _aPricing policy models
_bA case study inpractical O.R. (Operational Research)
260 _c1984
300 _a597-603
362 _aJuly
650 _aPrice Policy
700 _aS.C. Sud
700 _aC.J. Hawkins
773 _aJournal of the Operational Research Society
909 _a16088
999 _c16088
_d16088